Countries with Romanian embassies - Statistics

General Stats
  • This quiz has been taken 157 times
    145 since last reset
  • The average score is 69 of 94
Answer Stats
Continent Country % Correct
Europe United Kingdom
98%
Asia Japan
96%
Asia China
94%
Europe France
94%
North America United States of America
94%
North America Canada
92%
Europe Finland
92%
Europe Spain
92%
Europe Spain
92%
Europe Sweden
92%
South America Brazil
91%
South America Argentina
90%
Oceania Australia
90%
Europe Bulgaria
90%
North America Mexico
90%
Europe Germany
89%
Europe Greece
89%
Europe Norway
89%
Europe Portugal
89%
Europe Serbia
87%
Africa South Africa
87%
Asia South Korea
87%
Europe Ukraine
87%
Europe Belgium
86%
Europe Austria
85%
Asia India
85%
Europe Ireland
85%
Europe Italy
85%
Europe Denmark
84%
Africa Egypt
84%
Europe Poland
84%
Europe Albania
83%
South America Colombia
83%
Europe Croatia
83%
Europe Hungary
83%
Africa Algeria
82%
Europe Belarus
81%
South America Chile
81%
Asia Israel
81%
Asia Turkey
81%
Europe Moldova
80%
Asia Indonesia
79%
Europe Lithuania
79%
Europe Bosnia and Herzegovina
78%
Europe Slovakia
78%
Europe Slovenia
78%
Europe Czech Republic
77%
Europe the Netherlands
77%
Asia Iran
76%
Europe Switzerland
76%
South America Peru
75%
Africa Morocco
74%
Asia Armenia
73%
Europe Macedonia
73%
Asia Saudi Arabia
73%
Asia Iraq
72%
Asia Kazakhstan
72%
South America Venezuela
72%
Asia Azerbaijan
70%
Asia Pakistan
70%
Europe Montenegro
69%
Africa Tunisia
68%
Africa Nigeria
67%
Asia United Arab Emirates
67%
Asia Afghanistan
66%
Asia Vietnam
66%
North America Cuba
65%
Europe Luxembourg
64%
Asia Thailand
64%
Asia Malaysia
63%
Africa Angola
62%
Asia Georgia
62%
Asia Jordan
62%
Europe Cyprus
61%
Asia Syria
61%
Africa Ethiopia
60%
Africa Libya
58%
Asia Qatar
58%
Africa Sudan
58%
South America Uruguay
58%
Africa Kenya
57%
Asia Lebanon
56%
Asia the Philippines
55%
Asia Singapore
54%
Asia North Korea
53%
Asia Uzbekistan
53%
Asia Turkmenistan
49%
Asia Kuwait
44%
Europe Vatican City
42%
Asia Sri Lanka
40%
Africa Senegal
39%
Africa Uganda
29%
Africa Zimbabwe
29%
Asia Palestine
25%
No matching quizzes found
Score Distribution
Percent of People with Each Score
Percentile by Number Answered
Your Score History
You have not taken this quiz since the last reset